00682nam a2200193 a 450000100100000000500170001000800410002702000180006804000250008608200170011110000350012824501400016326000350030330000210033865000410035965000250040065000140042570000490043900004375720260217122010.0140422s2013 dr r 000 0 spa d a9789993444978 aDO-SdBNPbspacBNPHU a364.3bM938s1 aMoya Vásquez, José Antonio10aSoluciones a la delincuencia y la convivencia pacífica /cJosé Antonio Moya Vásquez ; prólogo Santiago H. Van Der Linde Borges. aSanto Domingo :bDalis,c2013. a272 p. ;c24 cm. 0aDelincuenciazRepública Dominicana 0aDelincuencia juvenil 0aViolencia12aLinde Borges, Santiago H. Van Der,epról .